000 00506nam a2200181 a 4500
001 0326
005 20140414132013.0
008 040909s19uu xx 00 eng d
020 _a0-590-45191-X
050 _aTR
_bAP5 1989
100 _aRockwell, Anne
245 _aApples and pumpkins /
_cBy Anne Rockwell; Pictures by Lizzy Rockwell.
260 _aNew York :
_bScholastic,
_c1989.
300 _a1 v.p. : ill. ; cm.
650 _aHalloween
_xFiction.
650 _aChildren stories.
999 _c113325
_d113325